Statystyki dla Wiedza z star warsów

Kliknij tutaj aby rozwiązać quiz!

Ogólne statystyki

  • Ten quiz został rozwiązany 910 razy
  • Średni wynik to 5 z 6

Statystyki odpowiedzi

Pytaniaodpowiedzi% Poprawnych
w kim sie kochał anakin?padme
97%
ile jest filmów star wars (rogue one i han solo film też sie zalicza)11
94%
Ile lat miał luke podczas nowej nadzieji?19
93%
kto zabił jabbe?Leia
85%
jak Rey miała na nazwisko?Palpatine
84%
najlepsza postać ze star warsjar jar binks
25%

Rozkład punktacji

Percentyl według liczby udzielonych odpowiedzi

Procent ludzi z każdym wynikiem

Twoja historia wyników

Nie rozwiązałeś tego quizu